<?xml version="1.0" encoding="UTF-8"?><?xml-stylesheet type="text/xsl" href="static/style.xsl"?><OAI-PMH xmlns="http://www.openarchives.org/OAI/2.0/" xmlns:xsi="http://www.w3.org/2001/XMLSchema-instance" xsi:schemaLocation="http://www.openarchives.org/OAI/2.0/ http://www.openarchives.org/OAI/2.0/OAI-PMH.xsd"><responseDate>2026-04-27T21:53:32Z</responseDate><request verb="GetRecord" identifier="oai:uvadoc.uva.es:10324/83145" metadataPrefix="marc">https://uvadoc.uva.es/oai/request</request><GetRecord><record><header><identifier>oai:uvadoc.uva.es:10324/83145</identifier><datestamp>2026-02-26T20:01:01Z</datestamp><setSpec>com_10324_1154</setSpec><setSpec>com_10324_931</setSpec><setSpec>com_10324_894</setSpec><setSpec>col_10324_1290</setSpec></header><metadata><record xmlns="http://www.loc.gov/MARC21/slim" xmlns:doc="http://www.lyncode.com/xoai" xmlns:xsi="http://www.w3.org/2001/XMLSchema-instance" xmlns:dcterms="http://purl.org/dc/terms/" xsi:schemaLocation="http://www.loc.gov/MARC21/slim http://www.loc.gov/standards/marcxml/schema/MARC21slim.xsd">
<leader>00925njm 22002777a 4500</leader>
<datafield tag="042" ind1=" " ind2=" ">
<subfield code="a">dc</subfield>
</datafield>
<datafield tag="720" ind1=" " ind2=" ">
<subfield code="a">Khodorenko, Anna</subfield>
<subfield code="e">author</subfield>
</datafield>
<datafield tag="260" ind1=" " ind2=" ">
<subfield code="c">2007</subfield>
</datafield>
<datafield tag="520" ind1=" " ind2=" ">
<subfield code="a">Estudio interdisciplinar que integra lingüística pragmática, lingüística cognitiva y estudios digitales para analizar cómo los nicknames en Internet funcionan como actos comunicativos sintetizados. La investigación examina cómo estos nombres proyectan identidad individual y construyen realidades sociales en el ciberespacio, combinando enfoques cognitivos, sociolingüísticos y comunicativos. Este enfoque innovador ofrece nuevas perspectivas sobre la interacción entre lenguaje, cognición y comunidad virtual, destacando la función de los nombres de usuario como instrumentos de autorrepresentación y mediadores de relaciones sociales en entornos digitales.</subfield>
</datafield>
<datafield tag="024" ind2=" " ind1="8">
<subfield code="a">Khodorenko, A. (2007). Estructuración de los actos comunicativos en los nombres de usuarios de Internet [Структурирование коммуникативных актов в пользовательских именах в Интернете]. Anglistics and Americanistics, (4), 87–91.</subfield>
</datafield>
<datafield tag="024" ind2=" " ind1="8">
<subfield code="a">https://uvadoc.uva.es/handle/10324/83145</subfield>
</datafield>
<datafield tag="245" ind1="0" ind2="0">
<subfield code="a">Khodorenko, A. (2007). Estructuración de los actos comunicativos en los nombres de usuarios de Internet [Структурирование коммуникативных актов в пользовательских именах в Интернете]. Anglistics and Americanistics, (4), 87–91.</subfield>
</datafield>
</record></metadata></record></GetRecord></OAI-PMH>